Top 15 pucharu świata w skokach narciarskich 2023/24 - Statystyki

Ogólne statystyki
  • Ten quiz został rozwiązany 48 razy
  • Średni wynik to 11 z 15
Statystyki odpowiedzi
2023/24 % Poprawnych
1. 🇦🇹 Kraft
98%
2. 🇯🇵 Kobayashi
93%
5. 🇸🇮 Prevc
93%
13. 🇸🇮 Prevc
93%
3. 🇩🇪 Wellinger
93%
14. 🇸🇮 Lanišek
86%
7. 🇳🇴 Forfang
81%
8. 🇳🇴 Lindvik
77%
12. 🇦🇹 Fettner
74%
15. 🇦🇹 Huber
72%
4. 🇦🇹 Hörl
67%
9. 🇸🇮 Kos
67%
10. 🇩🇪 Paschke
63%
6. 🇦🇹 Hayböck
60%
11. 🇦🇹 Tschofening
9%
Nie znaleziono quizów pasujących do podanych kryteriów
Rozkład punktacji
Procent ludzi z każdym wynikiem
Percentyl według liczby udzielonych odpowiedzi
Twoja historia wyników
Nie rozwiązałeś tego quizu